书目信息 |
| 题名: |
生物质热化学转化技术
|
|
| 作者: | 肖波 主编 | |
| 分册: | ||
| 出版信息: | 北京 冶金工业出版社 2016.06 |
|
| 页数: | 10,298页 | |
| 开本: | 24cm | |
| 丛书名: | 现代生物质能源技术丛书 | |
| 单 册: | ||
| 中图分类: | TK6 | |
| 科图分类: | ||
| 主题词: | 生物能源--热化学--转化 | |
| 电子资源: | ||
| ISBN: | 978-7-5024-7135-4 | |
| 000 | 01104oam2 2200277 450 | |
| 001 | 0120161952683 | |
| 005 | 20170327082703.12 | |
| 010 | @a978-7-5024-7135-4@dCNY59.00 | |
| 100 | @a20160722d2016 em y0chiy50 ea | |
| 101 | 0 | @achi |
| 102 | @aCN@b110000 | |
| 105 | @aak z 000yy | |
| 106 | @ar | |
| 200 | 1 | @a生物质热化学转化技术@9sheng wu zhi re hua xue zhuan hua ji shu@f肖波[等]主编 |
| 210 | @a北京@c冶金工业出版社@d2016.06 | |
| 215 | @a10,298页@c图@d24cm | |
| 225 | 2 | @a现代生物质能源技术丛书 |
| 304 | @a主编还有:马隆龙,李建芬,朱跃钊 | |
| 330 | @a本书以生物质热化学转化技术为主线,从生物质资源和特性入手,重点阐述了生物质储运及预处理技术、生物质燃烧技术、生物质热解气化技术、生物质材料技术等方面的内容,并介绍了国内外在该领域的研究进展情况及发展前景。全书共分九章,包括生态系统中的生物质资源,生物质的特性,生物质收运、储存与机械预处理技术等。 | |
| 333 | @a生物工程技术人员 | |
| 461 | 0 | @12001 @a现代生物质能源技术丛书 |
| 606 | 0 | @a生物能源@x热化学@x转化 |
| 690 | @aTK6@v5 | |
| 701 | 0 | @a肖波@9xiao bo@4主编 |
| 801 | 0 | @aCN@b人天书店@c20160722 |
| 905 | @b981561-64@dTK6@e129@f4 | |
| 生物质热化学转化技术/肖波[等]主编.-北京:冶金工业出版社,2016.06 |
| 10,298页:图;24cm.-(现代生物质能源技术丛书) |
| 使用对象:生物工程技术人员 |
| ISBN 978-7-5024-7135-4:CNY59.00 |
| 本书以生物质热化学转化技术为主线,从生物质资源和特性入手,重点阐述了生物质储运及预处理技术、生物质燃烧技术、生物质热解气化技术、生物质材料技术等方面的内容,并介绍了国内外在该领域的研究进展情况及发展前景。全书共分九章,包括生态系统中的生物质资源,生物质的特性,生物质收运、储存与机械预处理技术等。 |
| ● |
| 相关链接 |
|
|
|
|
正题名:生物质热化学转化技术
索取号:TK6/129
 
预约/预借
| 序号 | 登录号 | 条形码 | 馆藏地/架位号 | 状态 | 备注 |
| 1 | 981561 | 209815618 | 第二样本阅览室/ [索取号:TK6/129] | 在馆 | |
| 2 | 981562 | 209815627 | 第三借阅区/ [索取号:TK6/129] | 在馆 | |
| 3 | 981563 | 209815636 | 第三借阅区/ [索取号:TK6/129] | 在馆 | |
| 4 | 981564 | 209815645 | 密集书库-化学系/ [索取号:TK6/129] | 在馆 |